000 00740nam a2200301 a 4500
003 AR-BaBNM
005 20251128204703.0
008 082120s2002 ||||||||||||||000 | spa||
020 _a3-7973-529-X
040 _cAR-BaBNM
100 1 _aHoffmann, A.
245 0 0 _aLa actualidad de Alemania
260 _aBonn
_bSocietäts Verlag
_c1992
300 _a418 p.
_bil., láms., mapas, gráfs.
500 _aIndice alfabético p. 408-417.
650 4 _aINDUSTRIA
650 4 _aAGRICULTURA
650 4 _aGANADERIA
650 4 _aECONOMIA
650 4 _aEDUCACION
650 4 _aCULTURA
650 4 _aLITERATURA
651 4 _aEuropa
651 4 _aAlemania
700 1 _aMerí, Rubén
_etraductor
942 _cBK
998 _cmariana
999 _c8423
_d8423